000 00747nam a22002057a 4500
999 _c18587
_d18587
008 231204b ||||| |||| 00| 0 eng d
020 _a9781119777472
082 _22022
_aDC 174.907
_bF761
100 _aForeman, Gene.
_950380
245 _aThe ethical journalist :
_bmaking responsible decisions in the digital age /
_cGene Foreman and three others.
250 _aThird edition.
260 _aUSA :
_bJohn wiley & sons,
_c©2022.
300 _axxiii, 423 pages :
_billustrations ;
_c23 cm.
500 _aIncludes glossary and index.
650 _aJournalistic ethics.
_932439
700 _aBiddle, Daniel R.
_eauthor.
_950381
700 _aLounsberry, Emilie.
_eauthor.
_950382
700 _aJones, Richard G.
_eauthor.
_950383
942 _2ddc
_cDC